| 000 | 00425nam a2200169Ia 4500 | ||
|---|---|---|---|
| 008 | 221030s9999 xx 000 0 und d | ||
| 020 | _a8177588230 | ||
| 041 | _aEnglish | ||
| 082 |
_a105.23 _bNia |
||
| 100 | _aZe-Nian Li | ||
| 245 | 0 |
_aFundamentals of Multimedia _cby Ze-Nian Li, M. S. Drew |
|
| 260 |
_bPearson Education _aDelhi _c2006 |
||
| 300 | _a560 | ||
| 650 | _aBE Computer | ||
| 700 | _aM. S. Drew | ||
| 942 | _cBK | ||
| 999 |
_c1795 _d1795 |
||